书目信息 |
| 题名: |
名利场
|
|
| 作者: | 萨克雷, 著 | |
| 分册: | 下 | |
| 出版信息: | 北京 外语教学与研究出版社 2006.01 |
|
| 页数: | 513-1069页 | |
| 开本: | 21cm | |
| 丛书名: | 外国文学经典 | |
| 单 册: | ||
| 中图分类: | H319.4 | |
| 科图分类: | ||
| 主题词: | 英语--ying yu--语言读物 , 长篇小说--chang pian xiao shuo--英国--近代 | |
| 电子资源: | ||
| ISBN: | 7-5600-5310-6 | |
| 000 | 01035nam 2200253 450 | |
| 001 | 012006730469 | |
| 005 | 20060918105007.56 | |
| 010 | @a7-5600-5310-6@dCNY56.00 (上下册) | |
| 100 | @a20060725d2006 km y0chiy0120 ea | |
| 101 | 0 | @aeng |
| 102 | @aCN@b110000 | |
| 105 | @ay z 000ay | |
| 200 | 1 | @a名利场@Aming li chang@h下@f(英) 萨克雷著@F(ying)sa ke lei zhu |
| 210 | @a北京@c外语教学与研究出版社@d2006.01 | |
| 215 | @a513-1069页@d21cm | |
| 225 | 2 | @a外国文学经典@Awai guo wen xue jing dian |
| 330 | @a本书主要情节可分两条线索。一条线索描写已故穷画师的女儿蓓基在离开平克顿女子寄宿学校后,暂住在富家小姐爱米丽亚家中,企图勾引爱米丽亚的哥哥以进入上流社会。此事失败后,蓓基去毕脱·克劳雷爵士家当家庭教师,同时施展逢迎、拍马和勾搭等乖巧手段。 | |
| 410 | 0 | @12001 @a外国文学经典 |
| 606 | 0 | @a英语@Aying yu@j语言读物 |
| 606 | 0 | @a长篇小说@Achang pian xiao shuo@y英国@z近代 |
| 690 | @aH319.4@v4 | |
| 701 | 1 | @a萨克雷,@Asa ke lei,@bW. M.@g(Thackeray, W. M.)@4著 |
| 801 | 0 | @aCN@bpdsgxy@c20060918 |
| 905 | @a10447@dH319.4@eS006:2 | |
| 名利场.下/(英) 萨克雷著.-北京:外语教学与研究出版社,2006.01 |
| 513-1069页;21cm.-(外国文学经典) |
| ISBN 7-5600-5310-6:CNY56.00 (上下册) |
| 本书主要情节可分两条线索。一条线索描写已故穷画师的女儿蓓基在离开平克顿女子寄宿学校后,暂住在富家小姐爱米丽亚家中,企图勾引爱米丽亚的哥哥以进入上流社会。此事失败后,蓓基去毕脱·克劳雷爵士家当家庭教师,同时施展逢迎、拍马和勾搭等乖巧手段。 |
| ● |
| 相关链接 |
|
|
|
正题名:名利场
索取号:H319.4/S006:2
 
预约/预借
| 序号 | 登录号 | 条形码 | 馆藏地/架位号 | 状态 | 备注 |
| 1 | 597204 | 205972045 | 语言库209/209语言库 48排2列4层/ [索取号:H319.4/S006:2] | 在馆 | |
| 2 | 597205 | 205972054 | 语言库209/209语言库 48排2列4层/ [索取号:H319.4/S006:2] | 在馆 | |
| 3 | 597206 | 205972063 | 语言库209/209语言库 48排2列4层/ [索取号:H319.4/S006:2] | 在馆 |